00435nam a2200169Ia 4500003000400000005001700004008004100021020001400062040000700076041000800083082002500091100003400116245004300150260004100193300001700234365001400251OSt20230321113221.0210423s2000 xx 000 0 und d a521625483 cAL aeng a809.93592 223bROES aROE (Sue);SELLERS (Susan),Ed. aCambridge companion to Virginia Woolf. aUKbCambridge University Pressc2000 axxii,286bPB b1376cINR